Регионална библиотека "Любен Каравелов" - Русе

Уини и Уилбър обикалят света (Запис номер 471644)

MARC детайли
000 -Лидер
Контролно поле с фиксирана дължина 01378nam a2200301 a 4500
003 - Код на организацията, давaща контролен номер
Контролно поле BLK
005 - Дата и час на последна редакция
Контролно поле 20250730153737.0
008 - Елементи от данни с фиксирана дължина
fixed length control field 201209b bu |||||r|||| 00| | bu d
020 ## - Международен стандартен номер на книга ISBN
Международен стандартен номер на книга ISBN 9786197455434
040 ## - Източник на каталожния запис
Идентификатор на билиотеката - собственик на записа BLK
041 ## - Код за език
Код за езика на текст/звукозапис или на отделно заглавие Български
Код за езика КДБФ Български
080 ## - УДК
Текстов определител УДК Австралийска литература
УДК код - определител по УДК 821.111(94)
УДК определител -93-34
УДК - код + определител 821.111(94)-93-34
080 ## - УДК
Текстов определител УДК Издания за деца и юноши. Книжки-картинки. Читанки. Вж и 372.4
УДК код - определител по УДК 087.5
УДК - код + определител 087.5
100 ## - Редна дума - Автор
R(LIN) 1299
Автор Томас, Валъри
Авторска отговорност първи автор
139 ## - Редно поле
Редна дума Томас, Валъри
Авторски знак Том - Т 69
245 ## - Сведения за заглавието
Заглавие Уини и Уилбър обикалят света
Редно поле (дума) Валъри Томас ; ил. Корки Пол ; прев. от англ. Милена Милева-Фено
257 ## - Страна на издаване
Страна на създаване/издаване Австралия
260 ## - Област на издателските данни
9 (RLIN) 392712
Място на издаване, разпространение и проч. София
Име на издателя, разпространителя и проч. Timelines
Година на издаване 2022
Печатница Китай
300 ## - Физическа характеристика
Страници 28 с.
Илюстрации и др. с цв. ил.
Размери/Мащаб 29 см
380 ## - Жанр
Жанр Детска худож. лит.
500 ## - Общи забележки
Забележка Ориг. загл.: Winnie & Wilbur: around the world / Valerie Thomas<br/>Корки Пол - псевд. на ил. Hamish Vigne Christie Paul
700 ## - Други автори (авторска отговорност)
9 (RLIN) 599
Лично име Пол, Корки
Автороска отговорност (Описва отношението между автора и произведението) ил.
700 ## - Други автори (авторска отговорност)
9 (RLIN) 401109
Лично име Милева-Фено, Милена Маринова
Автороска отговорност (Описва отношението между автора и произведението) прев. от англ.
852 ## - Местоположение
Форматна сигнатура Цб ІІ 31064
Фондова буква Хранилище
999 ## - СИСТЕМНИ КОНТРОЛНИ НОМЕРА
Koha biblionumber 471644
Koha biblioitemnumber 471644
942 ## - АРТИКУЛИ
Вид на библиотечния материал Книги
Скрит в OPAC Не
Периодичен библиозапис Да
Koha issues (borrowed), all copies 26
944 ## - СЪЗДАВАНЕ И РЕДАКЦИЯ на ЗАПИСА
Създаване/Редакция Създаване
Служител, извършил регистрацията/редакцията 30564
Статус, дата на статуса Анна Гръцманова
944 ## - СЪЗДАВАНЕ И РЕДАКЦИЯ на ЗАПИСА
Създаване/Редакция Редакция
Служител, извършил регистрацията/редакцията Кети
Наличности
Код за отписване Код за изгубен артикул Източник на класификационната схема Код за повреда Коз за рестрикции Код за отдаване Артикулен № Име на библиотеката - собственик Име на библиотеката, в която се намира в момента Статус (Текущо местоположение) Дата на вписване в системата Местоположение - отдел Цена в лева Систематично азбучна сигнатура Баркод Цена в евро Служебен тип на артикула
  Не е изгубен Universal Decimal Classification Не е повреден без рестрикции заемане за дома 901675 Регионална библиотека "Любен Каравелов" Русе Регионална библиотека "Любен Каравелов" Русе Детски отдел 2022-08-24 Детски отдел 14.40 821-93/Т 69 В 120000874489 7.36 Книги
  Не е изгубен Universal Decimal Classification Не е повреден без рестрикции заемане за дома 901676 Регионална библиотека "Любен Каравелов" Русе Регионална библиотека "Любен Каравелов" Русе Детски отдел 2022-08-24 Детски отдел 14.40 821-93/Т 69 В 120000874490 7.36 Книги
  Не е изгубен Universal Decimal Classification Не е повреден само за читалня ползва се в читалня 903462 Регионална библиотека "Любен Каравелов" Русе Регионална библиотека "Любен Каравелов" Русе Хранилище 2022-09-08 Хранилище 18.00 Цб ІІ 31064 120000876088 9.20 Книги
Vip Innovations Ltd, Rousse, Bulgaria 2025